පුංචි අපට ලස්සන ගී /

Punchi apata lassana gi
Saved in:
Bibliographic Details
Format: Book
Published: [තැ.නො.] : කර්තෘ, 2025.
Tags: Add Tag
No Tags, Be the first to tag this record!

MARC

LEADER 00000nam a2200000 4500
003 LK-CoNLD
005 20260323121137.0
008 260323b |||||||| |||| 00| 0 ||| d
015 |2 slnb 
017 |b LK-CoDNA 
020 |a 9789553835529 
040 |a LK-CoNLD  |b SIN  |c LK-CoNLD  |d LK-CoNLD 
082 |2 23  |q LK-CoNLD 
245 |6 880-1  |a පුංචි අපට ලස්සන ගී /  |c හාතිගමුවේ ගුණතිලක බණ්ඩාර. 
260 |a [තැ.නො.] :  |b කර්තෘ,  |c 2025. 
300 |a පි. 16 : චිත්‍ර ;  |c සෙමි. 29. 
880 |6 245-1  |a Punchi apata lassana gi 
942 |c BOOK 
945 |a 21055  |b M. G. D. NAWODA  |c 21055  |d M. G. D. NAWODA 
999 |c 298396  |d 298396